000 00621nam a2200181 i 4500
001 24779
003 ES-MaACL
005 20230906153128.0
007 t|
008 021218s1889 ve ||||1| spa d
245 0 0 _aAnuario estadístico de los Estados Unidos de Venezuela /
_cMinisterio de Fomento.
250 _aEd. terminada el 1º de julio de 1889.
260 _aCaracas :
_bMinisterio de Fomento,
_c1889.
300 _a1 h. de plano pleg. con texto en el reverso ;
_c34 cm.
651 4 _aVenezuela-
_vEstadísticas.
_9143275
710 1 _aVenezuela.
_bMinisterio de Fomento.
_97548
852 _aES-MaACL
_jT-501-F-11
999 _c24779
_d24779